The Hateful Eight Cast - Statistics

General Stats
  • This quiz has been taken 34 times
  • The average score is 4 of 8
Answer Stats
Character Actor % Correct
Major Marquiss Warren Samuel L. Jackson
100%
John Ruth Kurt Russell
81%
Oswaldo Mobray Tim Roth
65%
Joe Gage Michael Madsen
52%
Daisy Domergue Jennifer Jason Leigh
45%
Chris Mannix Walton Goggins
42%
General Sanford Smithers Bruce Dern
39%
Bob Demian Bichir
6%
No matching quizzes found
Score Distribution
Percent of People with Each Score
Percentile by Number Answered
Your Score History
You have not taken this quiz